000 03319nam a22003857a 4500
003 BO-EaUP
005 20251119121231.0
008 251119t2018 mx ||||| |||| 00| 0 spa d
020 _a978-607-32-4440-4
040 _aBiblioteca IPE
_bspa
_cBiblioteca Ingeniería en producción empresarial
_eRDA
041 _aspa
_heng
043 _an-mx
082 _221
_a539
092 _a539
_SY68f
100 _aYoung, Hugh D.
_eAutor
_96081
242 _aTraducción de la edicion en ingles "University physics with modern phisics"
245 _aFísica universitaria :
_bcon Física moderna 2 /
_cHugh D. Young
250 _aPrimera edición
260 _aMexico :
_bPearson ;
_c2018
300 _a920 páginas ;
_bIlustraciones, figuras ; tapa blanda ;
_c23 x16 centímetros .
_gmediano
336 _2rdacontent
_atexto
_btxt
337 _2rdamedia
_ano mediado
_bn
338 _avolumen
_bnc
505 _aMECÁNICA. - 1 Unidades, cantidades físicas y vectores, 2 Movimiento rectilíneo, 3 Movimiento en dos o en tres dimensiones, 4 Leyes de Newton del movimiento, 5 Aplicación de las leyes de Newton, 6. Trabajo y energía cinética, 7 Energía potencial y conservación de la energía, 8 Cantidad de movimiento, impulso y colisiones, 9 Rotación de cuerpos rígidos, 10 Dinámica del movimiento de rotación, 11 Equilibrio y elasticidad, 12 Mecánica de fluidos, 13 Gravitación, 14. Movimiento periódico. - ONDAS/ACÚSTICA - 15 Ondas mecánicas, 16 Sonido y oído. – TERMODINÁMICA - 17. Temperatura y calor, 18. Propiedades térmicas de la materia, 19 Primera ley de la termodinámica, 20La segunda ley de la termodinámica - ELECTROMAGNETISMO - 21 Carga eléctrica y campo eléctrico, 22. Ley de Gauss, 23 Potencial eléctrico, 24. Capacitancia y dieléctricos, 25. Corriente, resistencia y fuerza electromotriz, 26 Circuitos de corriente directa, 27. Campo magnético y fuerzas magnéticas, 28. Fuentes de campo magnético, 29 Inducción electromagnética, 30 Inductancia, 31 Corriente alterna, 32 Ondas electromagnéticas – ÓPTICA - 33. Naturaleza y propagación de la luz, 34 Óptica geométrica, 35. Interferencia, 36 Difracción - FÍSICA MODERNA - 37 Relatividad, 38. Fotones: ondas de luz que se comportan como partículas, 39 Partículas que se comportan como ondas, 40 Mecánica cuántica 1: Funciones de onda, 41 Mecánica cuántica II: Estructura atómica. 42. Moléculas y materia condensada, 43. Física nuclear, 44. Física de partículas y cosmología. /APÉNDICES
520 _aDesde su primera edición en inglés y en español, Física Universitaria de Sears y Zemansky ha sido famosa por su énfasis en los principios fundamentales y cómo aplicarlos. Este texto es conocido por su narrativa clara y completa y por su conjunto excepcionalmente amplio, profundo y reflexivo de los ejemplos presentados, herramientas clave para el desarrollo de la comprensión conceptual y las habilidades para resolver problemas.
521 _aDestinadas a crear el mejor recurso de aprendizaje para los actuales estudiantes de física.
546 _aEspañol
653 _aMECÁNICA
653 _aONDAS/ACÚSTICA
653 _aTERMODINÁMICA
653 _aELECTROMAGNETISMO
653 _aFÍSICA MODERNA
700 _aFreedman, Roger A.
_eAutor
_96082
942 _2ddc
_cBK
_n0
999 _c5378
_d5378